Statistiques concernant Communes de la Petite Couronne (Ile de France)

Cliquez ici pour prendre le quiz!

Statistiques générales

  • Ce quiz a été pris 686 fois
  • Le résultat moyen est 62 sur 124

Statistiques - réponses

Réponse% Correct
Saint-Denis
90%
Boulogne-Billancourt
86%
Neuilly-sur-Seine
85%
Nanterre
82%
Neuilly-Plaisance
82%
Montreuil
81%
Neuilly-sur-Marne
81%
Vincennes
81%
Créteil
79%
Ivry-sur-Seine
79%
Aubervilliers
76%
Clichy
76%
Issy-les-Moulineaux
75%
Asnières-sur-Seine
73%
Bobigny
73%
Montrouge
73%
Saint-Ouen
73%
Clichy-sous-Bois
72%
Levallois-Perret
72%
Pantin
72%
Paris
72%
Antony
71%
Vitry-sur-Seine
70%
Courbevoie
69%
Puteaux
69%
Drancy
66%
Saint-Maur-des-Fossés
66%
Aulnay-sous-Bois
65%
Fontenay-sous-Bois
65%
Colombes
64%
Malakoff
63%
Villejuif
63%
Gennevilliers
62%
Les Lilas
62%
Bagnolet
61%
Rueil-Malmaison
61%
Saint-Cloud
61%
Vanves
61%
Fontenay-aux-Roses
60%
La Courneuve
60%
Orly
60%
Saint-Mandé
60%
Noisy-le-Grand
59%
Suresnes
59%
Noisy-le-Sec
58%
Maisons-Alfort
57%
Sevran
57%
Bondy
56%
Cachan
56%
Le Kremlin-Bicêtre
56%
Sèvres
56%
Alfortville
55%
Charenton-le-Pont
55%
Clamart
55%
Arcueil
53%
Champigny-sur-Marne
53%
Gentilly
53%
Meudon
53%
Choisy-le-Roi
52%
Bagneux
51%
Le Blanc-Mesnil
51%
Châtillon
50%
Joinville-le-Pont
50%
Rosny-sous-Bois
50%
Nogent-sur-Marne
49%
Sceaux
49%
Le Bourget
47%
Le Raincy
47%
Villepinte
47%
Bois-Colombes
46%
Bourg-la-Reine
46%
La Garenne-Colombes
46%
Le Plessis-Robinson
46%
Le Plessis-Trévise
46%
Stains
46%
Le Pré-Saint-Gervais
45%
Rungis
45%
Tremblay-en-France
45%
Épinay-sur-Seine
43%
Saint-Maurice
42%
Thiais
42%
Garches
41%
L'Haÿ-les-Roses
41%
Romainville
41%
Montfermeil
40%
Chaville
39%
Gagny
39%
Sucy-en-Brie
39%
Fresnes
38%
Livry-Gargan
38%
Villeneuve-Saint-Georges
38%
Marnes-la-Coquette
37%
Bry-sur-Marne
36%
L'Île-Saint-Denis
36%
Villetaneuse
36%
Villiers-sur-Marne
36%
Villeneuve-la-Garenne
35%
Boissy-Saint-Léger
34%
Pierrefitte-sur-Seine
33%
Villemomble
33%
Châtenay-Malabry
32%
Le Perreux-sur-Marne
32%
Les Pavillons-sous-Bois
32%
Vaucresson
32%
Bonneuil-sur-Marne
30%
Ville-d’Avray
30%
Dugny
29%
Chennevières-sur-Marne
27%
Chevilly-Larue
27%
Valenton
27%
Villeneuve-le-Roi
26%
Gournay-sur-Marne
24%
Limeil-Brévannes
24%
Ablon-sur-Seine
23%
Vaujours
22%
Coubron
21%
Ormesson-sur-Marne
20%
La Queue-en-Brie
18%
Villecresnes
16%
Noiseau
15%
Mandres-les-Roses
14%
Santeny
13%
Marolles-en-Brie
12%
Périgny
12%

Distribution des résultats

Percentile par nombre de réponses

% des personnes avec chaque résultat

Votre développement - résultats

Vous n’avez pas pris ce quiz